تحميل...

President Zakir Hussain's speeches /

التفاصيل البيبلوغرافية
اللغة:English
منشور في: New Delhi: Ministry of Information& Broadcasting, Gov. of India; 1974.
LEADER 00323nam a22001097a 4500
008 200611b ||||| |||| 00| 0 eng d
999 |c 350593  |d 350593 
082 |2 954.04 
245 |a President Zakir Hussain's speeches / 
260 |a New Delhi:  |b Ministry of Information& Broadcasting, Gov. of India;  |c 1974. 
300 |a xiii;386p.: 
942 |c REF